All Teams & Players at IEM Rio 2022 - Statistics

General Stats
  • This quiz has been taken 26 times
  • The average score is 53 of 144
Answer Stats
Answer % Correct
s1mple
88%
FaZe Clan
82%
Natus Vincere
82%
FURIA Esports
76%
karrigan
76%
ropz
76%
Team Liquid
76%
rain
71%
Twistzz
71%
ZywOo
71%
apEX
65%
b1t
65%
broky
65%
electroNic
65%
FNATIC
65%
frozen
65%
iM
65%
MOUZ
65%
YEKINDAR
65%
cadiaN
59%
EliGE
59%
flameZ
59%
NAF
59%
Ninjas in Pyjamas
59%
Spinx
59%
Team GamerLegion
59%
FalleN
53%
Imperial Esports
53%
jabbi
53%
Jame
53%
KRIMZ
53%
KSCERATO
53%
Magisk
53%
OG
53%
Outsiders
53%
Perfecto
53%
qikert
53%
Team Vitality
53%
yuurih
53%
arT
47%
fame
47%
Heroic
47%
mezii
47%
n0rb3r7
47%
sdy
47%
siuhy
47%
stavn
47%
tabseN
47%
Team Spirit
47%
xertioN
47%
Aleksib
41%
BIG
41%
chopper
41%
Cloud9
41%
degster
41%
dexter
41%
drop
41%
dupreeh
41%
F1KU
41%
fer
41%
FL1T
41%
isak
41%
Keoz
41%
magixx
41%
oSee
41%
saffee
41%
sh1ro
41%
syrsoN
41%
00 Nation
35%
9z Team
35%
acoR
35%
Brollan
35%
chelo
35%
coldzera
35%
ENCE
35%
nexa
35%
nitr0
35%
Snappi
35%
SunPayus
35%
TeSeS
35%
torzsi
35%
w0nderful
35%
Ax1Le
29%
boltz
29%
Dycha
29%
FASHR
29%
Hobbit
29%
interz
29%
juanflatroo
29%
Krimbo
29%
maden
29%
Patsi
29%
rigoN
29%
s1n
29%
sjuush
29%
TACO
29%
Bad News Eagles
24%
Evil Geniuses
24%
gxx
24%
IHC Esports
24%
JDC
24%
nafany
24%
NEOFRAG
24%
nicoodoz
24%
REZ
24%
VINI
24%
autimatic
18%
bLitz
18%
Brehze
18%
CeRq
18%
es3tag
18%
hampus
18%
k1to
18%
max
18%
neaLaN
18%
S1ren
18%
SENER1
18%
sinnopsyy
18%
Sprout
18%
Staehr
18%
Techno4K
18%
valde
18%
aliStair
12%
dav1deuS
12%
dumau
12%
HexT
12%
INS
12%
latto
12%
Liazz
12%
roeJ
12%
Sico
12%
Vexite
12%
Zyphon
12%
buda
6%
dgt
6%
Grayhound Gaming
6%
launX
6%
nqz
6%
refrezh
6%
slaxz
6%
try
6%
Annihilation
0%
kabal
0%
sk0R
0%
No matching quizzes found
Score Distribution
Percent of People with Each Score
Percentile by Number Answered
Your Score History
You have not taken this quiz